00687nam a22002172a 450000100060000000300080000600500170001400800410003103500510007204000370012304100080016008200230016810000480019124500480023926000300028730000500031750400310036765000180039865000320041665100210044832314BD-RjUL20211209051821.0140425s1936 enkfh b 001 0 eng d aOCLC ocm09612532 from D951128Ma(BD-RjUL)32403 aDLCcSUCdSUCdEQOdBD-RjULbeng aeng04a296.0946bISJ 19361 aIsaacs, A. Lionelq(Abraham Lionel),d1874-14aThe Jews of Majorca /cby A. Lionel Isaacs. aLondon :bMethuen,c1936. axv, 283 p. :bfront., pl., facsims. ;c23 cm. aBibliography: p. [273]-275 0aJewszMajorca 0aInquisitionzSpainzMajorca 0aMajorcaxHistory